000 01265cam a2200385 i 4500
999 _c2714
_d2714
001 20472402
003 GZU
005 20201105101811.0
008 180427s2018 xnaa b 001 0 eng d
010 _a 2017491171
020 _a0340876069
_q(pbk.)
040 _aAUTEN
_beng
_cAUTEN
_dOCLCQ
_dAUTEN
_dATSHR
_dYDX
_dOCLCF
_dDLC
042 _alccopycat
043 _au-at---
050 0 0 _aHV713
_b.L 2003
082 0 4 _a362.760994
_223
245 0 0 _aChild protection /
_cby Lindon Jennie.
264 1 _aLondon. :
_bHodder and Stoughton Educational,
_c[2003]
264 4 _c©2018
300 _a60 pages :
_bcolour illustrations ;
_c30 cm.
336 _atext
_btxt
_2rdacontent
337 _aunmediated
_bn
_2rdamedia
338 _avolume
_bnc
_2rdacarrier
490 0 _aIssues in society ;
_v426
504 _aIncludes bibliographical references and index.
650 0 _aChild abuse
_z.
650 0 _aChild abuse
_xPrevention.
650 0 _aChild welfare
_z.
650 0 _aSocial work with children
_zAustralia.
650 0 _aAbused children
_xServices for
_z.
700 1 _aHealey, Justin,
906 _a7
_bcbc
_ccopycat
_d2
_encip
_f20
_gy-gencatlg
942 _2lcc
_cBK
_e2nd ed.
_h713
_iLIN
_kHV
_m2003